00534cam a22001572 4500001001100000005001700011008004100028020002900069040001500098050001700113245010200130260004900232300001600281650003700297700004200334000000265620151217155816.0070417s xx 000 0 eng d a97833187005 :cGBP 20.95 aKABUcKABU 0aPL8010b.G4610aGender perceptions and development in Africa /cedited and introduced by Mary E. Modupe Kolawole. aLagos :bArrabon Academic Publishers,c1998. axiv, 288 p. 0aWomen in literature.@00000849061 aKolawole, Mary E. Modupe.@0000152108